Most Populated European Cities Containing A-Z - Statistics

General Stats
  • This quiz has been taken 73 times
  • The average score is 16 of 26
Answer Stats
Letter Answer % Correct
D London
99%
C Moscow
97%
M Moscow
97%
O Moscow
97%
W Moscow
97%
A Istanbul
82%
B Istanbul
82%
I Istanbul
82%
L Istanbul
82%
N Istanbul
82%
S Istanbul
82%
T Istanbul
82%
U Istanbul
82%
K Kiev
68%
V Kiev
68%
E St Petersburg
62%
G St Petersburg
62%
P St Petersburg
62%
R St Petersburg
62%
H Bucharest
37%
Y Nizhny Novgorod
18%
Z Nizhny Novgorod
18%
F Sofia
12%
J Sarajevo
9%
X Bordeaux
6%
Q Quimper
1%
No matching quizzes found
Score Distribution
Percent of People with Each Score
Percentile by Number Answered
Your Score History
You have not taken this quiz